LEADER 01647nam--2200433---450- 001 990001084940203316 005 20090706145231.0 010 $a88-348-2188-2 035 $a000108494 035 $aUSA01000108494 035 $a(ALEPH)000108494USA01 035 $a000108494 100 $a20020611d2002----km-y0enga50------ba 101 0 $aita 102 $aIT 105 $ay|||z|||001yy 200 1 $a<> disciplina comunitaria ed internazionale del mercato dei prodotti agricoli$fAlberto Germanò, Eva Rook Basile 210 $aTorino$cGiappichelli$d2002 225 2 $a<> diritto dell'alimentazione, dell'ambiente e dell'agricoltura$v1 410 0$12001$a<> diritto dell'alimentazione, dell'ambiente e dell'agricoltura$v1 606 0 $aProdotti agricoli$xCommercio internazionale$xLegislazione internazionale 606 $aProdotti agricoli$xCommercio internazionale$xDiritto comunitario 676 $a341.75471 700 1$aGERMANO',$bAlberto$0405168 701 1$aBASILE,$bEva Rook$0553896 801 0$aIT$bSalbc$cISBD 912 $a990001084940203316 951 $aXXIII.4.K 97 (IG VIII 12 IT 571)$b33518 G$cIG VIII$d00082449 959 $aBK 969 $aGIU 979 $aMARIA$b10$c20020611$lUSA01$h1203 979 $aCHIARA$b90$c20020919$lUSA01$h1043 979 $aCHIARA$b90$c20020919$lUSA01$h1047 979 $aCHIARA$b90$c20020919$lUSA01$h1047 979 $aPATRY$b90$c20030520$lUSA01$h1627 979 $aPATRY$b90$c20040406$lUSA01$h1715 979 $aRSIAV4$b90$c20090706$lUSA01$h1452 996 $aDisciplina comunitaria ed internazionale del mercato dei prodotti agricoli$9978790 997 $aUNISA LEADER 02239nam 2200349 450 001 9910598029603321 005 20230220212433.0 024 7 $a10.3390/books978-3-03842-946-3 035 $a(CKB)4920000000094792 035 $a(NjHacI)994920000000094792 035 $a(EXLCZ)994920000000094792 100 $a20230220d2018 uy 0 101 0 $aeng 135 $aur||||||||||| 181 $ctxt$2rdacontent 182 $cc$2rdamedia 183 $acr$2rdacarrier 200 00$aBioconversion Processes /$fedited by Christian Kennes 210 1$aBasel, Switzerland :$cMDPI - Multidisciplinary Digital Publishing Institute,$d2018. 215 $a1 online resource (156 pages) 311 $a3-03842-945-7 330 $aCompared to conventional chemical technologies and other similar industrial processes, bioprocesses represent a more sustainable and environmentally-friendly alternative for the production of fuels and platform chemicals. In biorefineries, different kinds of feedstocks, such as biomass or lignocellulosic materials in general, can be used and fermented by microorganisms (e.g., bacteria, fungi, algae), after some pretreatment steps, to produce high added-value metabolites. More recently, wastes, wastewaters and also waste gases have been shown to be suitable for resource recovery or for their bioconversion to (bio)fuels (e.g., ethanol, butanol, hexanol, biodiesel, biohydrogen, biogas) or other commercial products (e.g., biopolymers). In this sense, much effort has also been made to bioconvert greenhouse gases, such as CO2, into useful products. The goal of this Special Issue is to publish both recent innovative research data, as well as review papers on the fermentation of different types of substrates to commercial (bio)fuels and (bio)products, mainly focusing on the bioconversion of pollutants in solid, liquid, or gas phases (wastes, wastewaters, waste gases). 606 $aRefuse and refuse disposal$xBiodegradation 615 0$aRefuse and refuse disposal$xBiodegradation. 676 $a628.445 702 $aKennes$b Christian 801 0$bNjHacI 801 1$bNjHacl 906 $aBOOK 912 $a9910598029603321 996 $aBioconversion Processes$92948958 997 $aUNINA